[Event "Bad Zwesten GER"]
[Site "?"]
[Date "2000.01.13"]
[Round "6"]
[White "Reh Stefan"]
[Black "Bakhmatov Eduard"]
[Result "0-1"]
[WhiteElo "1916"]
[BlackElo "2261"]
[PlyCount "92"]
[EventDate "2000.??.??"]
[Source "www.chesslib.no"]
[SourceDate "2004.05.04"]

1. e4 d5 2. exd5 Qxd5 3. Nc3 Qa5 4. b4 Qe5+ 5. Be2 c6 6. d4 Qc7 7. d5 e6 8. dxc6 Bxb4 9. Bd2 Nxc6 10. Nb5 Bxd2+ 11. Qxd2 Qe5 12. Rd1 Nf6 13. Nf3 Qb8 14. Nd6+ Ke7 15. Ng5 Rf8 16. Qe3 Rd8 17. Nf5+ Ke8 18. O-O Rd5 19. Bh5 g6 20. Nxh7 Rxf5 21. Bxg6 fxg6 22. Qh6 Nxh7 23. Qxh7 Ne7 24. Qh8+ Rf8 25. Rd8+ Kxd8 26. Qxf8+ Kd7 27. Rd1+ Nd5 28. c4 Qd6 29. Qf7+ Kc6 30. cxd5+ exd5 31. Rc1+ Kb6 32. Rb1+ Ka6 33. Qf3 b6 34. a4 Bf5 35. Qe2+ Kb7 36. Rd1 Rd8 37. a5 d4 38. axb6 axb6 39. Ra1 d3 40. Qa2 d2 41. Qa6+ Kc7 42. Qa7+ Kc8 43. Qa6+ Kd7 44. Qb5+ Ke7 45. Qe2+ Kf6 46. Rd1 Qd3 0-1

[Event "Corr"]
[Site "?"]
[Date "2002.07.15"]
[Round "?"]
[White "Quigley Daniel J"]
[Black "Perez Giorgio"]
[Result "1-0"]
[WhiteElo "2170"]
[BlackElo "2000"]
[PlyCount "69"]
[EventDate "2002.??.??"]
[Source "www.chesslib.no"]
[SourceDate "2004.05.04"]

1. e4 d5 2. exd5 Qxd5 3. Nc3 Qa5 4. b4 Qxb4 5. a4 Nf6 6. a5 c6 7. Nf3 e6 8. Ba3 Qf4 9. Bxf8 Kxf8 10. d4 g6 11. g3 Qc7 12. Bg2 Kg7 13. O-O Rd8 14. Qe2 Na6 15. Rfd1 b5 16. axb6 axb6 17. Ne5 Bb7 18. Ne4 Nxe4 19. Qxe4 Nb4 20. Rxa8 Rxa8 21. c4 Qe7 22. Qf4 Ra2 23. Rb1 c5 24. Bxb7 Qxb7 25. dxc5 bxc5 26. Rd1 Nc6 27. Ng4 Qb2 28. Qh6+ Kg8 29. Rd6 Ra6 30. Qf4 f5 31. Kg2 Qb8 32. Nf6+ Kf7 33. Ne4 Qa8 34. Kh3 Ne7 35. Ng5+ 1-0

[Event "Corr"]
[Site "?"]
[Date "2002.07.15"]
[Round "?"]
[White "Perez Giorgio"]
[Black "Quigley Daniel J"]
[Result "1-0"]
[WhiteElo "2000"]
[BlackElo "2170"]
[PlyCount "85"]
[EventDate "2002.??.??"]
[Source "www.chesslib.no"]
[SourceDate "2004.05.04"]

1. e4 d5 2. exd5 Qxd5 3. Nc3 Qa5 4. b4 Qxb4 5. a4 Qa5 6. Rb1 c6 7. Ba3 Nf6 8. Nf3 e5 9. Bxf8 Kxf8 10. Bd3 g6 11. O-O Kg7 12. Re1 Re8 13. Qc1 b6 14. Qa3 Bg4 15. Ng5 h6 16. Nge4 Nxe4 17. Nxe4 Nd7 18. Nd6 Re6 19. Bc4 Rf6 20. Ne4 Rf4 21. Qe7 Rf8 22. d3 Qxa4 23. h3 Bf5 24. Rec1 Rxe4 25. dxe4 Qxc4 26. exf5 Nc5 27. Qxe5+ Kg8 28. Ra1 a5 29. Qe3 g5 30. Rcb1 Rb8 31. Qg3 Rb7 32. Qd6 Qxc2 33. Qxc6 Qxf5 34. Rxb6 Qe5 35. Rab1 Rxb6 36. Qxb6 a4 37. Qb8+ Qxb8 38. Rxb8+ Kg7 39. Ra8 h5 40. Ra5 Ne6 41. h4 gxh4 42. Rxh5 f5 43. Rxf5 1-0

[Event "Gent Gran Ch"]
[Site "Gent Gran"]
[Date "1996.??.??"]
[Round "1"]
[White "Segura Vila, Juan L"]
[Black "Prat Serra, Joan"]
[Result "1-0"]
[WhiteElo "2200"]
[BlackElo "1940"]
[PlyCount "55"]
[EventDate "1996.??.??"]
[Source "www.chesslib.no"]
[SourceDate "2004.05.04"]

1. e4 d5 2. exd5 Qxd5 3. Nc3 Qa5 4. b4 Qxb4 5. Rb1 Qd6 6. Nf3 Nf6 7. Bc4 e6 8. O-O Be7 9. d3 c6 10. Qe2 O-O 11. Ne5 Nbd7 12. Bf4 Qd4 13. Nxd7 Bxd7 14. Be5 Qc5 15. Rxb7 Rfd8 16. d4 Qa3 17. Ne4 Nd5 18. Qg4 f6 19. Rxd7 fxe5 20. Qxe6+ Kh8 21. Bxd5 cxd5 22. Rxe7 dxe4 23. Qxe5 Rg8 24. Qxe4 Qxa2 25. d5 Rac8 26. d6 Rc4 27. Qe6 Qa6 28. Re8 1-0

[Event "Valencia ONCE op 9th"]
[Site "?"]
[Date "2003.10.01"]
[Round "4.15"]
[White "Pallardo Lozoya Jose Vicente"]
[Black "Codina Tormo Julia"]
[Result "1/2-1/2"]
[WhiteElo "2115"]
[BlackElo "2015"]
[PlyCount "74"]
[EventDate "2003.??.??"]
[Source "www.chesslib.no"]
[SourceDate "2004.05.04"]

1. e4 d5 2. exd5 Qxd5 3. Nc3 Qa5 4. b4 Qb6 5. Nf3 Nf6 6. a3 Bg4 7. Be2 e6 8. O-O c6 9. Ne5 Bxe2 10. Qxe2 Bd6 11. Nc4 Qc7 12. Nxd6+ Qxd6 13. Bb2 Nbd7 14. d3 O-O 15. Rfe1 Rfe8 16. Qf3 e5 17. Re2 Re6 18. Rae1 Rae8 19. g3 Qc7 20. Nb1 a5 21. Nd2 axb4 22. axb4 Nb6 23. Qf5 Nfd7 24. d4 g6 25. Qh3 f5 26. dxe5 Nxe5 27. Qg2 Qd6 28. Nb3 Nbc4 29. Bc3 Ng4 30. Rxe6 Rxe6 31. Rxe6 Qxe6 32. h3 Nge3 33. Nc5 Qe7 34. Qf3 Nd5 35. Qd3 Nxc3 36. Qxc4+ Nd5 37. b5 Qe1+ 1/2-1/2

[Event "Raika (13eme open)"]
[Site "?"]
[Date "2004.08.19"]
[Round "6.12"]
[White "Tscheinig Gert"]
[Black "Buerger Thomas"]
[Result "1/2-1/2"]
[WhiteElo "1986"]
[BlackElo "2127"]
[PlyCount "63"]
[EventDate "2004.??.??"]
[Source "www.chesslib.no"]
[SourceDate "2004.05.04"]

1. e4 d5 2. exd5 Qxd5 3. Nc3 Qa5 4. b4 Qxb4 5. a4 c6 6. Be2 Nf6 7. Ba3 Qa5 8. Nf3 g6 9. O-O Bg7 10. Re1 O-O 11. Bxe7 Re8 12. Bd6 Qd8 13. Bf4 Nd5 14. Nxd5 cxd5 15. Rb1 Nc6 16. Bb5 Bg4 17. Rb3 Qf6 18. Bxc6 bxc6 19. Bg3 Re4 20. Qb1 Rxe1+ 21. Nxe1 Re8 22. Re3 Qd8 23. Qb4 d4 24. Rxe8+ Qxe8 25. f3 Bf5 26. Qc4 Qe6 27. Qxe6 Bxe6 28. Bb8 a6 29. Ba7 Bh6 30. Bxd4 Bxd2 31. Nd3 Bg5 32. Kf2 1/2-1/2

[Event "BdF"]
[Site "?"]
[Date "2004.??.??"]
[Round "?"]
[White "Zeuner Ulrich"]
[Black "Samraoui Mekki"]
[Result "0-1"]
[WhiteElo "2004"]
[BlackElo "2082"]
[PlyCount "90"]
[EventDate "2004.??.??"]
[Source "www.chesslib.no"]
[SourceDate "2004.05.04"]

1. e4 d5 2. exd5 Qxd5 3. Nc3 Qa5 4. b4 Qxb4 5. Rb1 Qd6 6. Nf3 Nf6 7. d4 a6 8. Bd3 g6 9. O-O Bg7 10. Ne2 O-O 11. Bf4 Qd8 12. Qd2 b6 13. Bh6 Bb7 14. Bxg7 Kxg7 15. Ne5 c5 16. Qe3 Qd5 17. Nf4 cxd4 18. Nxd5 dxe3 19. Nxf6 exf6 20. Rxb6 Bd5 21. Ng4 exf2+ 22. Nxf2 Nd7 23. Rd6 Be6 24. a4 Nc5 25. Ne4 Nxa4 26. Ra1 Nb2 27. Raxa6 Nxd3 28. cxd3 Rxa6 29. Rxa6 Rb8 30. h4 Rb2 31. g3 h6 32. Kf1 f5 33. Nc5 Bd5 34. Nd7 f4 35. gxf4 Rb4 36. f5 Rf4+ 37. Ke2 Rxf5 38. Ke3 Rf3+ 39. Kd4 Be6 40. Nc5 Bf5 41. Ra2 Rf4+ 42. Ke5 Rxh4 43. d4 f6+ 44. Kd5 g5 45. Rf2 Kg6 0-1

[Event "Corr"]
[Site "?"]
[Date "2002.07.15"]
[Round "?"]
[White "Migliorini Roberto"]
[Black "Perez Giorgio"]
[Result "0-1"]
[WhiteElo "2038"]
[BlackElo "2000"]
[PlyCount "86"]
[EventDate "2002.??.??"]
[Source "www.chesslib.no"]
[SourceDate "2004.05.04"]

1. e4 d5 2. exd5 Qxd5 3. Nc3 Qa5 4. b4 Qxb4 5. a4 Nf6 6. Nf3 Ne4 7. Nb5 Na6 8. Ne5 Nd6 9. Nxd6+ Qxd6 10. d4 Qb4+ 11. Qd2 Qxd2+ 12. Kxd2 Nb8 13. Rb1 e6 14. Bd3 Nd7 15. a5 Be7 16. Rd1 Nxe5 17. dxe5 b6 18. Be4 Rb8 19. Ke3 Bb7 20. Bxb7 Rxb7 21. Ke4 Bc5 22. f4 Ke7 23. a6 Rbb8 24. Bb2 Rbd8 25. g4 h5 26. g5 Rhe8 27. Rd3 Rxd3 28. cxd3 Rd8 29. Rc1 Rd7 30. Rc2 g6 31. d4 Bb4 32. Rc6 Kd8 33. Rc4 c5 34. dxc5 Bxc5 35. Rc2 Kc7 36. Bc3 Kc6 37. Rb2 b5 38. Ra2 b4 39. Bd2 Kb5 40. Be3 Bxe3 41. Kxe3 Rc7 42. Rb2 Rc3+ 43. Ke4 Rc4+ 0-1

[Event "Corr"]
[Site "?"]
[Date "2002.07.15"]
[Round "?"]
[White "Perez Giorgio"]
[Black "Migliorini Roberto"]
[Result "0-1"]
[WhiteElo "2000"]
[BlackElo "2038"]
[PlyCount "74"]
[EventDate "2002.??.??"]
[Source "www.chesslib.no"]
[SourceDate "2004.05.04"]

1. e4 d5 2. exd5 Qxd5 3. Nc3 Qa5 4. b4 Qxb4 5. a4 e5 6. Ba3 Qa5 7. Rb1 a6 8. Bxf8 Kxf8 9. Nf3 Nf6 10. Bd3 b6 11. O-O Nc6 12. Qe1 Bb7 13. Qe3 h6 14. Rfe1 Re8 15. h3 g6 16. Nh4 Nd4 17. Bxg6 fxg6 18. Nxg6+ Kf7 19. Nxh8+ Rxh8 20. f3 Nxc2 21. Qxe5 Qxe5 22. Rxe5 Rd8 23. Re2 Nd7 24. a5 b5 25. Ne4 Bxe4 26. Rxe4 Nf6 27. Re2 c5 28. Rc1 Nd4 29. Re3 c4 30. Rce1 Ng8 31. Re5 Rd6 32. Rc5 Nf6 33. Rc7+ Nd7 34. f4 Nb3 35. g4 Nxa5 36. h4 Nb3 37. g5 Nxd2 0-1

[Event "Corr"]
[Site "?"]
[Date "2002.07.15"]
[Round "?"]
[White "Hilton Stephen H"]
[Black "Quigley Daniel J"]
[Result "0-1"]
[WhiteElo "1835"]
[BlackElo "2170"]
[PlyCount "44"]
[EventDate "2002.??.??"]
[Source "www.chesslib.no"]
[SourceDate "2004.05.04"]

1. e4 d5 2. exd5 Qxd5 3. Nc3 Qa5 4. b4 Qxb4 5. a4 Qa5 6. Rb1 c6 7. Ba3 Nf6 8. Ra1 Nbd7 9. Nf3 g6 10. Bc4 Nb6 11. Be2 Bg7 12. O-O Bg4 13. h3 Bxf3 14. Bxf3 O-O 15. Bxe7 Rfe8 16. Bxf6 Bxf6 17. Ra3 Nc4 18. Rb3 Bxc3 19. Rxc3 Nxd2 20. Qxd2 Rad8 21. Qxd8 Rxd8 22. Ra3 Rd2 0-1

[Event "Detroit, Mich."]
[Site "?"]
[Date "1989.01.08"]
[Round "5"]
[White "Moody David"]
[Black "Calton Bill"]
[Result "1-0"]
[WhiteElo "2036"]
[BlackElo "1879"]
[PlyCount "71"]
[EventDate "1989.??.??"]
[Source "www.chesslib.no"]
[SourceDate "2004.05.04"]

1. e4 d5 2. exd5 Qxd5 3. Nc3 Qa5 4. b4 Qxb4 5. Rb1 Qd6 6. Nf3 b6 7. Bc4 e6 8. d4 Bb7 9. O-O Nf6 10. Rb3 Qd8 11. d5 Nxd5 12. Nxd5 Bxd5 13. Bxd5 exd5 14. Re1+ Be7 15. Rbe3 Nc6 16. Ba3 Kf8 17. Bxe7+ Nxe7 18. Rxe7 Qxe7 19. Rxe7 Kxe7 20. Qxd5 Rhd8 21. Qe4+ Kf8 22. h4 h6 23. Ne5 Re8 24. Qh7 Rad8 25. Qh8+ Ke7 26. Qxg7 Ke6 27. f4 f6 28. Qg4+ Kd5 29. Qf3+ Ke6 30. Qb3+ Kf5 31. Qh3+ Kxf4 32. Nd3+ Ke4 33. Qf3+ Kd4 34. Qxf6+ Kd5 35. Qxh6 Rd6 36. Qh5+ 1-0

[Event "Gent Gran Ch"]
[Site "Gent Gran"]
[Date "1996.??.??"]
[Round "4"]
[White "Segura Vila, Juan L"]
[Black "Torrens Colomer, Miguel"]
[Result "1-0"]
[WhiteElo "2200"]
[BlackElo "1700"]
[PlyCount "59"]
[EventDate "1996.??.??"]
[Source "www.chesslib.no"]
[SourceDate "2004.05.04"]

1. e4 d5 2. exd5 Qxd5 3. Nc3 Qa5 4. b4 Qe5+ 5. Be2 e6 6. Nf3 Qd6 7. O-O Be7 8. Nb5 Qd7 9. a3 Bf6 10. c3 c6 11. Nbd4 b5 12. a4 e5 13. Nb3 e4 14. Nfd4 Be7 15. axb5 Nf6 16. bxc6 Nxc6 17. Bb5 Bb7 18. Na5 O-O 19. Nxb7 Rfc8 20. Na5 a6 21. Bxc6 Rxc6 22. Naxc6 Bd6 23. d3 Ng4 24. h3 Nh2 25. dxe4 Nxf1 26. Qxf1 f6 27. f4 Qb7 28. e5 fxe5 29. fxe5 Rf8 30. Qc4+ 1-0

[Event "Corr"]
[Site "?"]
[Date "2002.07.15"]
[Round "?"]
[White "Migliorini Roberto"]
[Black "Hilton Stephen H"]
[Result "1-0"]
[WhiteElo "2038"]
[BlackElo "1835"]
[PlyCount "57"]
[EventDate "2002.??.??"]
[Source "www.chesslib.no"]
[SourceDate "2004.05.04"]

1. e4 d5 2. exd5 Qxd5 3. Nc3 Qa5 4. b4 Qxb4 5. a4 Qa5 6. Nf3 Nf6 7. Bc4 e6 8. O-O Be7 9. Rb1 c6 10. Re1 O-O 11. Bb2 Nbd7 12. Qe2 Re8 13. Ba2 Qc7 14. Ne4 Nxe4 15. Qxe4 Nf6 16. Qc4 Nd5 17. Qg4 Bf6 18. Bxd5 Bxb2 19. Bxc6 Qxc6 20. Rxb2 e5 21. Qb4 f6 22. d4 exd4 23. Rxe8+ Qxe8 24. Rb1 Qf7 25. a5 Qd7 26. Nxd4 Rb8 27. Re1 b6 28. Qc4+ Kf8 29. Ne6+ 1-0

[Event "Corr"]
[Site "?"]
[Date "2002.07.15"]
[Round "?"]
[White "Hilton Stephen H"]
[Black "Migliorini Roberto"]
[Result "0-1"]
[WhiteElo "1835"]
[BlackElo "2038"]
[PlyCount "54"]
[EventDate "2002.??.??"]
[Source "www.chesslib.no"]
[SourceDate "2004.05.04"]

1. e4 d5 2. exd5 Qxd5 3. Nc3 Qa5 4. b4 Qxb4 5. a4 Nf6 6. Rb1 Qd6 7. Nf3 a6 8. Bc4 e6 9. O-O Be7 10. d3 O-O 11. Re1 b6 12. Ne4 Nxe4 13. Rxe4 Bb7 14. Re1 Nd7 15. Qe2 Bf6 16. Bb2 Bxb2 17. Rxb2 Nc5 18. Ra2 Bc6 19. Bb3 Nxb3 20. cxb3 Bxf3 21. Qxf3 Rad8 22. Rd1 Qb4 23. Rb2 Rd5 24. Rdd2 Rfd8 25. Kf1 c5 26. Ke2 Qc3 27. Ke1 Rxd3 0-1

[Event "Corr"]
[Site "?"]
[Date "2002.07.15"]
[Round "?"]
[White "Hilton Stephen H"]
[Black "Perez Giorgio"]
[Result "0-1"]
[WhiteElo "1835"]
[BlackElo "2000"]
[PlyCount "44"]
[EventDate "2002.??.??"]
[Source "www.chesslib.no"]
[SourceDate "2004.05.04"]

1. e4 d5 2. exd5 Qxd5 3. Nc3 Qa5 4. b4 Qxb4 5. a4 Nf6 6. Rb1 Qd6 7. Bc4 Nbd7 8. Nf3 c6 9. d3 Nb6 10. Bb3 Bg4 11. Bd2 e6 12. h3 Bh5 13. Qe2 Be7 14. O-O O-O 15. Rfe1 Nbd7 16. Ne4 Nxe4 17. Qxe4 Nc5 18. Qe3 Nxb3 19. Rxb3 Bxf3 20. Qxf3 b6 21. Bf4 Qd5 22. Qxd5 cxd5 0-1

[Event "Corr"]
[Site "?"]
[Date "2002.07.15"]
[Round "?"]
[White "Perez Giorgio"]
[Black "Hilton Stephen H"]
[Result "1-0"]
[WhiteElo "2000"]
[BlackElo "1835"]
[PlyCount "45"]
[EventDate "2002.??.??"]
[Source "www.chesslib.no"]
[SourceDate "2004.05.04"]

1. e4 d5 2. exd5 Qxd5 3. Nc3 Qa5 4. b4 Qxb4 5. a4 Qa5 6. Rb1 c6 7. Ba3 Nf6 8. Nf3 e6 9. Bxf8 Kxf8 10. Bc4 g6 11. O-O Kg7 12. Qe2 Nbd7 13. Rfe1 Re8 14. Nd4 Nf8 15. Nb3 Qc7 16. Qf3 Bd7 17. Nc5 Bc8 18. N5e4 Nxe4 19. Nxe4 Qd8 20. c3 Qe7 21. d4 Nd7 22. Qg3 Nf6 23. Nd6 1-0

[Event "Germany"]
[Site "?"]
[Date "2005.03.05"]
[Round "7.2"]
[White "Darwisch Mohamed"]
[Black "Hollnack Olaf"]
[Result "0-1"]
[WhiteElo "1851"]
[BlackElo "1956"]
[PlyCount "70"]
[EventDate "2005.??.??"]
[Source "www.chesslib.no"]
[SourceDate "2004.05.04"]

1. e4 d5 2. exd5 Qxd5 3. Nc3 Qa5 4. b4 Qxb4 5. Rb1 Qd6 6. Nf3 Nf6 7. Bc4 a6 8. a4 e6 9. Qe2 Be7 10. O-O O-O 11. Re1 b6 12. d4 Bb7 13. Bb2 Qf4 14. d5 exd5 15. Qxe7 Nc6 16. Nxd5 Nxd5 17. Qg5 Qxg5 18. Nxg5 Na5 19. Bxd5 Bxd5 20. Re7 h6 21. Nh3 Rac8 22. Rbe1 Nc4 23. Bc3 Bc6 24. Nf4 Rfe8 25. Nd5 Bxa4 26. Nxc7 Rxe7 27. Rxe7 a5 28. Nd5 Rd8 29. Ne3 Nxe3 30. fxe3 Rd1+ 31. Kf2 Rc1 32. Bd4 Rxc2+ 33. Kg3 Kf8 34. Ra7 Bc6 35. Bxb6 a4 0-1

[Event "Dortmund op-A"]
[Site "?"]
[Date "2003.08.09"]
[Round "8"]
[White "Torrents Ledewig Miguel"]
[Black "Schilling Dietmar"]
[Result "1-0"]
[WhiteElo "1988"]
[BlackElo "1810"]
[PlyCount "113"]
[EventDate "2003.??.??"]
[Source "www.chesslib.no"]
[SourceDate "2004.05.04"]

1. e4 d5 2. exd5 Qxd5 3. Nc3 Qa5 4. b4 Qxb4 5. Rb1 Qd6 6. Nf3 c6 7. d4 Nf6 8. h3 g6 9. Bc4 Bg7 10. O-O O-O 11. Ne2 Nd5 12. Qe1 e6 13. Qa5 Qd8 14. Qd2 b6 15. Ne5 Qc7 16. Ng4 Ba6 17. Bxa6 Nxa6 18. Qg5 Qe7 19. Nh6+ Kh8 20. Qg3 Rac8 21. c4 Nf6 22. Qh4 Ng8 23. Bg5 Qd7 24. Nxg8 Kxg8 25. Rfd1 Nc7 26. Ng3 f6 27. Be3 b5 28. Ne4 bxc4 29. Nc5 Qe7 30. Rb7 a5 31. Rdb1 Rf7 32. Qg3 e5 33. dxe5 fxe5 34. Qg4 Qe8 35. Ne4 Qd7 36. Nd6 Qxg4 37. hxg4 Rcf8 38. Nxf7 Rxf7 39. Rb8+ Rf8 40. Bc5 Re8 41. Bd6 c3 42. Bxc7 Rxb8 43. Rxb8+ Kf7 44. Bxa5 c2 45. Bd2 Ke6 46. Rb2 Kd5 47. Rxc2 c5 48. Be3 c4 49. Kf1 e4 50. Ke2 c3 51. f3 exf3+ 52. gxf3 Kc4 53. f4 h5 54. gxh5 gxh5 55. Kf3 Kd3 56. Rh2 c2 57. Rxh5 1-0

[Event "Corr"]
[Site "?"]
[Date "2002.07.15"]
[Round "?"]
[White "Migliorini Roberto"]
[Black "Kattimani Saibaba"]
[Result "1-0"]
[WhiteElo "2038"]
[BlackElo "1750"]
[PlyCount "23"]
[EventDate "2002.??.??"]
[Source "www.chesslib.no"]
[SourceDate "2004.05.04"]

1. e4 d5 2. exd5 Qxd5 3. Nc3 Qa5 4. b4 Qxb4 5. a4 e5 6. Ba3 Qa5 7. Rb1 a6 8. Bxf8 Kxf8 9. Nf3 Nf6 10. Bd3 b6 11. O-O Nbd7 12. Re1 1-0

[Event "Bad Sooden (22.04.-30.04)"]
[Site "?"]
[Date "2004.04.30"]
[Round "9"]
[White "Aepfler Gerhard"]
[Black "Schneider Miloca"]
[Result "1-0"]
[WhiteElo "1751"]
[BlackElo "1994"]
[PlyCount "103"]
[EventDate "2004.??.??"]
[Source "www.chesslib.no"]
[SourceDate "2004.05.04"]

1. e4 d5 2. exd5 Qxd5 3. Nc3 Qa5 4. b4 Qxb4 5. a4 c6 6. Ba3 Qa5 7. Nf3 Nf6 8. Bc4 e6 9. Bxf8 Kxf8 10. O-O Ke7 11. Re1 Rd8 12. Ne4 Nxe4 13. Rxe4 Nd7 14. Qe2 Nf6 15. Re5 Qc7 16. Re1 Kf8 17. Ng5 h6 18. Nh3 Nd5 19. Bd3 Kg8 20. c4 Nf6 21. Nf4 c5 22. Nd5 Nxd5 23. cxd5 Qd6 24. Qe4 f5 25. Qh4 Bd7 26. Bc4 Re8 27. g4 exd5 28. Bxd5+ Kh7 29. Rxe8 Rxe8 30. Rxe8 Bxe8 31. Bxb7 Qxd2 32. gxf5 Qd1+ 33. Kg2 Qxa4 34. Be4 Bc6 35. f3 Bxe4 36. fxe4 c4 37. Qg4 Qc6 38. Qe2 c3 39. Qc2 a5 40. Kf2 a4 41. e5 Qc5+ 42. Kf3 Kh8 43. e6 a3 44. Qe4 Qe7 45. Ke2 Kg8 46. Qa8+ Qf8 47. Qe4 a2 48. e7 Qe8 49. Qe6+ Kh7 50. Qg6+ Qxg6 51. fxg6+ Kxg6 52. e8=Q+ 1-0

[Event "Naumburg/Saale(20.10.-03.11.)"]
[Site "?"]
[Date "2002.10.25"]
[Round "5"]
[White "Potthammel Joerg"]
[Black "Giering Helmut"]
[Result "1-0"]
[WhiteElo "1944"]
[BlackElo "1714"]
[PlyCount "67"]
[EventDate "2002.??.??"]
[Source "www.chesslib.no"]
[SourceDate "2004.05.04"]

1. e4 d5 2. exd5 Qxd5 3. Nc3 Qa5 4. b4 Qb6 5. Nf3 Bg4 6. Bc4 Nf6 7. Bxf7+ Kd8 8. h3 Bxf3 9. Qxf3 e5 10. O-O c6 11. a3 Qc7 12. Bb3 Bd6 13. Ne4 Nxe4 14. Qxe4 Nd7 15. d4 Nf6 16. Bg5 Re8 17. Rad1 Kc8 18. Bxf6 gxf6 19. Rfe1 Qg7 20. c4 Qg6 21. Qxg6 hxg6 22. c5 Bc7 23. Bf7 Re7 24. Bxg6 a5 25. Bf5+ Kb8 26. b5 cxb5 27. d5 Bd8 28. d6 Rg7 29. Rb1 b4 30. Re3 Ra6 31. axb4 axb4 32. Rxb4 Rc6 33. Ra3 Rg5 34. Be4 1-0

[Event "Gemuend op"]
[Site "?"]
[Date "1999.10.30"]
[Round "7"]
[White "Koester Hans Juergen"]
[Black "Philipp Guenther"]
[Result "1/2-1/2"]
[WhiteElo "1841"]
[BlackElo "1714"]
[PlyCount "152"]
[EventDate "1999.??.??"]
[Source "www.chesslib.no"]
[SourceDate "2004.05.04"]

1. e4 d5 2. exd5 Qxd5 3. Nc3 Qa5 4. b4 Qxb4 5. Rb1 Qd6 6. Bc4 Nf6 7. d3 a6 8. Nge2 b5 9. Bb3 e6 10. O-O Be7 11. Ng3 Bb7 12. Nce2 O-O 13. Bb2 Nbd7 14. Qc1 Qc6 15. f3 Rad8 16. Ne4 Nxe4 17. fxe4 Nc5 18. Rf3 Nxb3 19. axb3 Qc5+ 20. Kh1 Bg5 21. Qf1 f6 22. c3 Rf7 23. Nd4 Qe7 24. Rg3 c5 25. Nf3 Bh6 26. Qe2 Qd7 27. Rd1 Qc6 28. e5 f5 29. c4 Rfd7 30. Ne1 b4 31. Qh5 Kh8 32. Rh3 Re7 33. Bc1 Qc7 34. Bg5 Rd4 35. Bxh6 gxh6 36. Qxh6 Rg4 37. Qf6+ Reg7 38. Rd2 Qe7 39. Rh6 R4g6 40. Rxg6 hxg6 41. Qxe7 Rxe7 42. Kg1 Rd7 43. Kf2 Kg7 44. Ra2 g5 45. Ra5 Rc7 46. g3 Kf7 47. Ke3 Ke7 48. Nc2 Rc8 49. d4 cxd4+ 50. Kxd4 Rd8+ 51. Kc5 Rd2 52. Nxb4 Rxh2 53. Nxa6 f4 54. gxf4 gxf4 55. Nb4 f3 56. Ra1 f2 57. Rf1 Be4 58. Kd4 Bf5 59. Ke3 Bh3 60. Rxf2 Rh1 61. Kd4 Rb1 62. Rf3 Bf5 63. Rg3 Kd7 64. Rg7+ Kc8 65. Nc6 Rxb3 66. Ne7+ Kd8 67. Nxf5 exf5 68. Kd5 Rd3+ 69. Ke6 f4 70. Rf7 f3 71. c5 Rc3 72. Kd5 Ke8 73. Rf6 Ke7 74. c6 Rd3+ 75. Ke4 Rc3 76. Kd4 Rc2 1/2-1/2

[Event "Corr"]
[Site "?"]
[Date "2001.07.18"]
[Round "?"]
[White "Phillips Patrick"]
[Black "Haug Ulrich"]
[Result "0-1"]
[WhiteElo "1841"]
[BlackElo "1676"]
[PlyCount "66"]
[EventDate "2001.??.??"]
[Source "www.chesslib.no"]
[SourceDate "2004.05.04"]

1. e4 d5 2. exd5 Qxd5 3. Nc3 Qa5 4. b4 Qxb4 5. Rb1 Qd6 6. Nb5 Qd8 7. Bc4 a6 8. Qf3 Nf6 9. Nc3 Nc6 10. Nge2 Ne5 11. Qf4 Nxc4 12. Qxc4 e5 13. O-O b5 14. Qc6+ Bd7 15. Qf3 Bd6 16. Re1 O-O 17. Ng3 Bg4 18. Qe3 Be6 19. Bb2 b4 20. Nce4 Nd5 21. Qg5 f6 22. Qh5 Nf4 23. Qd1 Bxa2 24. Ra1 Bd5 25. Nh5 Nxh5 26. Qxh5 a5 27. d4 Qe8 28. Qg4 Qc6 29. Ng3 Qxc2 30. Re2 Qg6 31. Qxg6 hxg6 32. dxe5 fxe5 33. Bxe5 a4 0-1

[Event "Wichern op 5th"]
[Site "?"]
[Date "1999.10.20"]
[Round "7"]
[White "Malhas Karim"]
[Black "Juckschat Paul"]
[Result "1/2-1/2"]
[WhiteElo "1526"]
[BlackElo "1942"]
[PlyCount "106"]
[EventDate "1999.??.??"]
[Source "www.chesslib.no"]
[SourceDate "2004.05.04"]

1. e4 d5 2. exd5 Qxd5 3. Nc3 Qa5 4. b4 Qxb4 5. Rb1 Qd6 6. Nf3 Nf6 7. d4 a6 8. Bd3 g6 9. O-O Bg7 10. Ne4 Nxe4 11. Bxe4 c6 12. c3 Nd7 13. Qb3 Nf6 14. Re1 Nxe4 15. Rxe4 Qd5 16. Qxd5 cxd5 17. Re1 e6 18. Rb6 O-O 19. Ba3 Rd8 20. Nd2 Rd7 21. Bd6 Bf8 22. Bxf8 Kxf8 23. Nb3 Rc7 24. Nc5 Rc6 25. Reb1 Rxb6 26. Rxb6 Ra7 27. g4 h6 28. f4 Ke7 29. f5 exf5 30. gxf5 Bxf5 31. Nxb7 Bd3 32. Kf2 Kf8 33. Ke3 Bc4 34. a3 Kg7 35. Kd2 g5 36. Nd6 Bf1 37. Ke1 Bh3 38. Ne8+ Kf8 39. Nf6 Be6 40. Rb8+ Kg7 41. Ne8+ Kg6 42. Rb6 g4 43. Rc6 Re7 44. Nc7 Kf5 45. Kf2 h5 46. Nxa6 Ke4 47. Nc5+ Kf4 48. Nxe6+ fxe6 49. a4 Ra7 50. Rxe6 Rxa4 51. Re5 Ra2+ 52. Kg1 h4 53. Rxd5 Ra1+ 1/2-1/2

[Event "Montreal CAN"]
[Site "?"]
[Date "2005.10.08"]
[Round "1"]
[White "Rozybakiyev Rasul"]
[Black "Nguyen Minh Ly"]
[Result "1-0"]
[WhiteElo "1749"]
[BlackElo "1666"]
[PlyCount "41"]
[EventDate "2005.??.??"]
[Source "www.chesslib.no"]
[SourceDate "2004.05.04"]

1. e4 d5 2. exd5 Qxd5 3. Nc3 Qa5 4. b4 Qxb4 5. Rb1 Qd6 6. Bc4 Nf6 7. Nf3 g6 8. Rb3 Bg7 9. Ba3 Qd8 10. Qe2 a6 11. Ng5 e6 12. Bxe6 fxe6 13. Nxe6 Kd7 14. Nxd8 Re8 15. Ne4 Nxe4 16. Re3 Kxd8 17. Rxe4 Rxe4 18. Qxe4 Nc6 19. Qd5+ Bd7 20. Qg8+ Be8 21. Qxg7 1-0

[Event "Schloss Schney (01.06.-09.06)"]
[Site "?"]
[Date "2001.??.??"]
[Round "5"]
[White "Schnurr Anton"]
[Black "Antusch Ingrid"]
[Result "1/2-1/2"]
[WhiteElo "1812"]
[BlackElo "1571"]
[PlyCount "90"]
[EventDate "2001.??.??"]
[Source "www.chesslib.no"]
[SourceDate "2004.05.04"]

1. e4 d5 2. exd5 Qxd5 3. Nc3 Qa5 4. b4 Qxb4 5. Rb1 Qd6 6. Nb5 Qd7 7. Nf3 Nc6 8. c3 b6 9. d4 e6 10. d5 exd5 11. Qxd5 Qxd5 12. Nxc7+ Kd8 13. Nxd5 Bd6 14. Bb5 Bb7 15. O-O Nge7 16. Nf4 Ne5 17. Nxe5 Bxe5 18. Rd1+ Kc8 19. Rb4 Rd8 20. Rc4+ Bc7 21. Rxd8+ Kxd8 22. Rd4+ Kc8 23. Bd7+ Kb8 24. Nd3 Nd5 25. Bd2 a6 26. c4 Nf6 27. Bf4 Bxf4 28. Nxf4 Kc7 29. Ba4 Rd8 30. Rxd8 Kxd8 31. f3 Kc7 32. Kf2 Bc6 33. Bb3 Be8 34. Ke3 Kd6 35. Nd3 a5 36. Kd4 Nd7 37. Ba4 Nf6 38. Bb5 Bd7 39. a4 Be6 40. Nf2 h5 41. Nd3 g5 42. g3 Ng8 43. f4 f6 44. fxg5 fxg5 45. Nf2 Nf6 1/2-1/2

[Event "Corr"]
[Site "?"]
[Date "2002.08.02"]
[Round "?"]
[White "Smith Chuck"]
[Black "Taner Harun"]
[Result "1/2-1/2"]
[WhiteElo "1791"]
[BlackElo "1571"]
[PlyCount "33"]
[EventDate "2002.??.??"]
[Source "www.chesslib.no"]
[SourceDate "2004.05.04"]

1. e4 d5 2. exd5 Qxd5 3. Nc3 Qa5 4. b4 Qxb4 5. Rb1 Qd6 6. Nf3 Nf6 7. Bc4 e6 8. O-O a6 9. Ng5 Be7 10. Nce4 Qc6 11. Bd3 Nbd7 12. Qf3 Ne5 13. Nxf6+ Bxf6 14. Qxc6+ Nxc6 15. Nf3 b6 16. Be4 Bb7 17. Re1 1/2-1/2